| 000 | 00785nam a22002177a 4500 | ||
|---|---|---|---|
| 008 | 090203t xxu||||| |||| 00| 0 eng d | ||
| 010 | _aENG-92779 | ||
| 020 |
_a8185517738 _c80.00 |
||
| 035 | _aEN-76312 | ||
| 037 | _bDBAD / PUB | ||
| 040 |
_adpl _bEnglish |
||
| 082 | _a005.3 | ||
| 100 | _aSujatha, A. | ||
| 245 |
_aMicrosoft office: _bmade simple for everyone / _cby A. Sujatha |
||
| 250 | _a2nd ed. | ||
| 260 |
_aPalani _bPalani Paramount Publications _c2008 |
||
| 270 |
_a57, Anna Nagar, _bPalani _e624602 |
||
| 300 |
_aiv, 145p. _c30cm (pbk) |
||
| 942 |
_2ddc _cEN _mSUJ _h005.3 |
||
| 999 |
_c22892 _d22892 |
||